Quiz culture G - Statistiques

Statistiques générales
  • Ce quiz a été pris 361 fois
  • Le résultat moyen est 10 sur 13
Statistiques - réponses
Question Réponse % Correct
En quelle année Christophe Colomb a-t-il découvert l'Amérique? 1492
100%
Sur quelle image Zeus est-il représenté ?
96%
Quel événement a déclenché la Première Guerre mondiale? Assassinat de l'archiduc François-Ferdinand
96%
Quel traité a mis fin à la Première Guerre mondiale? Traité de Versailles
96%
Quelle bataille a marqué la fin de Napoléon Bonaparte? Bataille de Waterloo
89%
Qui était le leader de l'Union soviétique pendant la Seconde Guerre mondiale? Joseph Staline
89%
Quel est le jeu le plus vendu au monde ?
74%
En quelle année la Déclaration d'Indépendance des États-Unis a-t-elle été signée? 1776
70%
Qui était le président des États-Unis pendant la Guerre civile américaine? Abraham Lincoln
70%
Quelle était la capitale de l'Empire romain? Rome
70%
Qui fut le premier empereur romain ? Augustus
63%
Qui était le roi d'Angleterre pendant la Révolution américaine ? George III
41%
Quel explorateur a atteint le cap de Bonne-Espérance en 1488? Bartolomeu Dias
4%
Aucun quiz correspondant
Distribution des résultats
% des personnes avec chaque résultat
Percentile par nombre de réponses
Votre historique - résultats
Vous n’avez pas pris ce quiz